ბათუმის შოთა რუსთაველის სახელმწიფო უნივერსიტეტის ბიბლიოთეკა

აჭარის ნიადაგების გეოგრაფია და მათი აგროსაწარმოო გამოყენება (ბიბ.ჩანაწერი № 35394)

000 -LEADER
fixed length control field 00769nam a2200217Ia 4500
001 - CONTROL NUMBER
control field 1247
003 - CONTROL NUMBER IDENTIFIER
control field GE_BSU
008 - FIXED-LENGTH DATA ELEMENTS--GENERAL INFORMATION
fixed length control field 181216s||||||||xx |||||||||||||| ||und||
020 ## - INTERNATIONAL STANDARD BOOK NUMBER
International Standard Book Number 9992896906
040 ## - CATALOGING SOURCE
Transcribing agency GE_BSU
080 ## - UNIVERSAL DECIMAL CLASSIFICATION NUMBER
Universal Decimal Classification number 631.4
245 ## - TITLE STATEMENT
Title აჭარის ნიადაგების გეოგრაფია და მათი აგროსაწარმოო გამოყენება
245 ## - TITLE STATEMENT
Statement of responsibility, etc. რედ. ო. ღორჯომელაძე
260 ## - PUBLICATION, DISTRIBUTION, ETC.
Place of publication, distribution, etc. ბათუმი
260 ## - PUBLICATION, DISTRIBUTION, ETC.
Name of publisher, distributor, etc. ბათუმის უნივერსიტეტი
260 ## - PUBLICATION, DISTRIBUTION, ETC.
Date of publication, distribution, etc. 2003
300 ## - PHYSICAL DESCRIPTION
Extent 202 გვ. 20სმ.
653 ## - INDEX TERM--UNCONTROLLED
Uncontrolled term აჭარის ნიადაგების გეოგრაფია
942 ## - ADDED ENTRY ELEMENTS (KOHA)
Koha item type წიგნი
ეგზემპლარები
Withdrawn status Lost status Damaged status Not for loan Date acquired Barcode Date last seen Price effective from Koha item type
        2018-12-17 2730 2018-12-17 2018-12-17 წიგნი